000 00465nam a2200157Ia 4500
008 210210b1972 xxu||||| |||| 00| 0 eng d
020 _a0 87692 013 10
082 _a658.5 HEGP
100 _aHEGDE (B K) and others.
245 _aProduction management: text and cases.
260 _aNew Delhi.
_bPrentice-Hall of India Private Limited
_c1972
300 _ax,456
650 _aProduction Management Cases
690 _aProduction Management
906 _aSG01385
999 _c112922
_d112922